000 00454nam a2200157 i 4500
001 33629
003 ES-MaACL
005 20230906154807.0
007 t|
008 030203s1933 xxk ||||1| eng d
100 1 _aBirkhoff, George D.
_928975
245 1 0 _aAesthetie measure /
_cby George D. Birkhoff.
260 _aCambridge, Masachusetts :
_bHarvard University Press,
_c1933.
300 _aXIII, 225 p. :
_bil. ;
_c29 cm.
852 _aES-MaACL
_jA-2015
999 _c33629
_d33629